Electrónica digital: principios y aplicaciones

محفوظ في:
التفاصيل البيبلوغرافية
المؤلف الرئيسي: Tokheim, Roger L (مؤلف)
التنسيق: كتاب
اللغة:الإسبانية
منشور في: Ciudad de México, México McGraw Hill 2008
الطبعة:7a. ed
الموضوعات:
الوصول للمادة أونلاين:Disponible Online - Cap. 1-3-5-7-14
الوسوم: إضافة وسم
لا توجد وسوم, كن أول من يضع وسما على هذه التسجيلة!

MARC

LEADER 00000cam a2200000 a 4500
001 UCI9189
003 CL-VaPUC
005 20210805001746.0
008 081030e20080000MX |||||||||||||||||spa|d
999 |c 331776  |d 331774 
020 |a 9789701066676 
040 |c Pontificia Universidad Católica de Valparaíso 
082 0 4 |a 621.3815 TOK 2008  |2 21 
100 0 |a Tokheim, Roger L  |e author  |9 532797 
245 1 0 |a Electrónica digital: principios y aplicaciones 
250 |a 7a. ed 
260 |a Ciudad de México, México  |b McGraw Hill  |c 2008 
300 |a 534 páginas  
500 |a Incluye CD 
500 |a 1a.ed de la 7a.ed en inglés 
583 |a last modification  |c 20120503 04:48:44  |k Rodrigo Vera 
650 0 |a Electrónica digital   |9 263160 
650 0 |a Compuertas lógicas  |2 CL-VaPUC  |9 532798 
650 0 |a Circuitos integrados   |9 260673 
650 0 |a Decodificación   |2 CL-VaPUC  |9 532799 
650 0 |a Codificación   |9 258568 
650 0 |a Sistemas digitales   |9 435618 
650 0 |a Amplificadores   |9 338119 
650 0 |a Microcomputadores  |9 263190 
856 |u http://bibliografiadigital.pucv.cl.pucv.idm.oclc.org/index.php/bibliotecapucv/catalog/book/624  |y Disponible Online - Cap. 1-3-5-7-14 
942 |c BK  |2 ddc 
945 |d 20081030 00:00:00  |a rbrito 
952 |0 0  |1 0  |2 ddc  |4 0  |6 621_381500000000000_TOK_2008  |7 0  |8 A  |9 418864  |a BIBING  |b BIBING  |c RES  |d 2019-11-22  |i 4493206  |l 1  |o 621.3815 TOK 2008  |p 4493206  |r 2025-01-20  |s 2021-10-06  |w 2019-11-22  |y BK  |k EIE 
952 |0 0  |1 0  |2 ddc  |4 0  |6 621_381500000000000_TOK_2008  |7 0  |8 A  |9 418865  |a BIBING  |b BIBING  |c RES  |d 2019-11-22  |i 4493214  |o 621.3815 TOK 2008  |p 4493214  |r 2025-01-20  |w 2019-11-22  |y BK  |k EIE 
952 |0 0  |1 0  |2 ddc  |4 0  |6 621_381500000000000_TOK_2008  |7 0  |8 A  |9 418866  |a BIBING  |b BIBING  |c RES  |d 2019-11-22  |i 4503309  |o 621.3815 TOK 2008  |p 4503309  |r 2025-01-20  |w 2019-11-22  |y BK  |k EIE 
952 |0 0  |1 0  |2 ddc  |4 0  |6 621_381500000000000_TOK_2008  |7 0  |8 A  |9 418867  |a BIBING  |b BIBING  |c RES  |d 2019-11-22  |i 4503317  |o 621.3815 TOK 2008  |p 4503317  |r 2025-01-20  |w 2019-11-22  |y BK  |k EIE 
952 |0 0  |1 0  |2 ddc  |4 0  |6 621_381500000000000_TOK_2008  |7 0  |8 A  |9 418868  |a BIBING  |b BIBING  |c RES  |d 2019-11-22  |i 4503325  |o 621.3815 TOK 2008  |p 4503325  |r 2025-01-20  |w 2019-11-22  |y BK  |k EIE 
952 |0 0  |1 0  |2 ddc  |4 0  |6 621_381500000000000_TOK_2008  |7 0  |8 A  |9 418869  |a BIBING  |b BIBING  |c RES  |d 2019-11-22  |i 4503333  |o 621.3815 TOK 2008  |p 4503333  |r 2025-01-20  |w 2019-11-22  |y BK  |k EIE 
952 |0 0  |1 0  |2 ddc  |4 0  |6 621_381500000000000_TOK_2008  |7 0  |8 A  |9 418870  |a BIBING  |b BIBING  |c RES  |d 2019-11-22  |i 4503341  |l 1  |o 621.3815 TOK 2008  |p 4503341  |r 2025-01-20  |s 2022-04-04  |w 2019-11-22  |y BK  |k EIE